ბათუმის შოთა რუსთაველის სახელმწიფო უნივერსიტეტის ბიბლიოთეკა

სრული კრებული (ბიბ.ჩანაწერი № 49985)

000 -LEADER
fixed length control field 01030nam a2200217Ia 4500
001 - CONTROL NUMBER
control field 16921
003 - CONTROL NUMBER IDENTIFIER
control field GE_BSU
008 - FIXED-LENGTH DATA ELEMENTS--GENERAL INFORMATION
fixed length control field 181216s||||||||xx |||||||||||||| ||und||
040 ## - CATALOGING SOURCE
Transcribing agency GE_BSU
080 ## - UNIVERSAL DECIMAL CLASSIFICATION NUMBER
Universal Decimal Classification number 821.353.1-82
100 ## - MAIN ENTRY--PERSONAL NAME
Personal name დავითაშვილი, იოსებ
245 ## - TITLE STATEMENT
Title სრული კრებული
245 ## - TITLE STATEMENT
Statement of responsibility, etc. სოლომონ ყუბანეიშვილის რედაქციით, წინასიტყვაობით და შენიშვნებით.
260 ## - PUBLICATION, DISTRIBUTION, ETC.
Place of publication, distribution, etc. თბილისი
260 ## - PUBLICATION, DISTRIBUTION, ETC.
Name of publisher, distributor, etc. საბჭ. მწერალი-ს გამ-ბა
260 ## - PUBLICATION, DISTRIBUTION, ETC.
Date of publication, distribution, etc. 1951
300 ## - PHYSICAL DESCRIPTION
Extent 416გვ.21სმ.
300 ## - PHYSICAL DESCRIPTION
Accompanying material 8 ფურც. პორტრ. და ილ. ; 21სმ. - დანართი: ვარიანტები და შენიშვნები, გვ. 275-412. - ბიბლიოგრ.: შესავალის შენიშვნებში
653 ## - INDEX TERM--UNCONTROLLED
Uncontrolled term სრული კრებული
942 ## - ADDED ENTRY ELEMENTS (KOHA)
Koha item type წიგნი
ეგზემპლარები
Withdrawn status Lost status Damaged status Not for loan Date acquired Barcode Date last seen Price effective from Koha item type
        2018-12-17 21981 2018-12-17 2018-12-17 წიგნი